000 00364pam a2200157a 44500
008 230515b2010 xxu||||| |||| 00| 0 eng d
020 _aNULL
041 _aENGLISH
082 _a624.177 MON
100 _aMONTGOMERY D.C.
245 _aDESIGN AND ANALYSIS OF EXPERIMENTS
250 _a5
260 _aNULL
_bWILEY-VCH.
_c2010
300 _a684
650 _aNULL
999 _c644879
_d644879